Statistiken für Top 15 Länder mit Covid-19-Todesfällen - 9. März 2022

Klicken Sie hier um das Quiz zu spielen!

Allgemein

  • Dieses Quiz wurde 15 mal gespielt
  • Das Durchschnittsergebnis liegt bei 13 aus 26

Antwortstatistiken

Land% Korrekt
Deutschland
100%
Italien
92%
Russland
85%
Vereinigte Staaten
85%
Frankreich
77%
Indien
77%
Brasilien
62%
Vereinigtes Königreich
62%
Argentinien
54%
Iran
46%
Mexiko
46%
Tschechien
46%
Ungarn
46%
Bulgarien
38%
Kolumbien
38%
Kroatien
38%
Peru
38%
Polen
38%
Rumänien
38%
Slowakei
38%
Slowenien
38%
Bosnien und Herzegowina
31%
Indonesien
31%
Litauen
23%
Nordmazedonien
23%
Georgien
8%

Verteilung der Resultate

Perzentil nach korrekt beantworteten Fragen

Anzahl Personen mit jedem Resultat

Ihre Resultats-Entwicklung

Sie haben dieses Quiz noch nicht gespielt